000 01042nam a2200229Ia 4500
001 11401
003 GE_BSU
008 181216s||||||||xx |||||||||||||| ||und||
040 _cGE_BSU
080 _a636(075.8)
100 _aკვაჭაძე ი.
245 _aსასოფლო-სამეურნეო ცხოველთა ნორმალური ანატომია
245 _bსახელმძღვ. ზოოტექნიკური სავეტერინარო სასწ. კვლევითი ინ-ტის სავეტერინარო ფაკ-ტის სტუდენტებისათვის
245 _cრედ: ელ.ფიფია
260 _aთბილისი.
260 _bგანათლება.
260 _c1984.
300 _a562გვ.22სმ.
300 _eილ.
653 _aსასოფლო-სამეურნეო ცხოველთა ნორმალური ანატომია
942 _cBK
999 _c44598
_d44598